000 00496nam a2200193Ia 4500
003 GCL
008 140319s9999 xx 000 0 eng d
040 _aGCL /
_cGCL
082 0 4 _a720.92
_bA W
100 1 _aACADEMY EDITIONS
245 1 0 _aWILLIAM ALSOP AND JAN STORMER /
_cACADEMY EDITIONS
260 _a[S.N] :
_bACADEMY EDITIONS ،
_c1993
300 _a144P
650 0 4 _aSTOMER, JAN
650 0 4 _aARCHITECTS
650 0 4 _aALSAP,WILLION
650 0 4 _aSHALPING ARCHITE
942 _2ddc
_cBK
999 _c11539
_d11539